000 02722nam0a2200433 4500
001 RU\NLR\BIBL_A\012567327
005 20211021130827.0
010 _a978-5-288-06041-0
_9300
021 _aRU
_bКН-П-21-015289
_9КН-П-21-1211
035 _a(NLR Aleph) 012567327
090 _a12479706
_c12479706
100 _a20210720d2020 k y0rusy50 ca
101 0 _arus
102 _aRU
105 _aa|||j|||100zy
181 0 _ai
_baxxe
182 0 _an
200 1 _aШкольные олимпиады СПбГУ 2020
_iФизика
_eучебно-методическое пособие
_e[примеры заданий отборочного и заключительного этапов Олимпиады СПбГУ по физике для учащихся 8-11 классов за 2019/2020 учебный год]
_fСанкт-Петербургский государственный университет
_gС.С. Власенко, Е.А. Денисов, С.И. Елисеев [и др.]
_gпод ред. П.Е. Лаврик
203 _aТекст
_bвизуальный
_cнепосредственный
210 _aСанкт-Петербург
_cСанкт-Петербургского университета
_d2020
215 _a91, [1] с.
_cил.
_d21
300 _aАвт. указаны на обороте тит. с.
320 _aБиблиогр.: с. 91 (6 назв.)
606 1 _aФизика
_xЗадачи
_xРешение
_jУчебно-методические пособия для средней школы
_2nlr_sh1
_2nlr_sh2
_3RU\NLR\AUTH\661146906
606 1 _aФизика
_xОлимпиады школьные
_jУчебно-методические пособия для средней школы
_2nlr_sh1
_2nlr_sh2
_3RU\NLR\AUTH\661303850
686 1 _aВ3я721-42
686 1 _aЧ426.51-382.61я7
701 1 _aВласенко
_bС. С.
_gСергей Сергеевич
701 1 _aДенисов
_bЕ. А.
_cканд. физ.-мат. наук
_gЕвгений Александрович
_3RU\NLR\AUTH\770214030
701 1 _aЕлисеев
_bС.И.
_gСтепан Иванович
702 1 _aЛаврик
_bП.Е.
_4340
711 0 2 _aСанкт-Петербургский государственный университет
_bОлимпиада школьников по физике
_f2020
_3RU\NLR\AUTH\880547237
712 0 2 _aСанкт-Петербургский государственный университет
_3RU\NLR\AUTH\8810043151
_4475
942 _cBOOK
980 _aNBR
980 _aNB